000
00210nam a2200097Ia 4500
008
240331s9999 xx 000 0 und d
082
_b
MUT
100
_a
Mutthumogan,N
245
0
_a
Marxsiya vivadangal
942
_c
L
999
_c
4591
_d
4591